Late-Night TV Franchises and their Hosts - Statistics

General Stats
  • This quiz has been taken 130 times
  • The average score is 12 of 19
Answer Stats
Hint Answer % Correct
(2014–present) Jimmy Fallon
95%
(1992–2009, 2010–14) Jay Leno
88%
(1962–92) Johnny Carson
83%
(1993-2015) David Letterman
79%
(2009–10) Conan O'Brien
76%
(2015-present) Stephen Colbert
75%
(2015-present) James Corden
74%
(1999-2015) Jon Stewart
74%
(2015-present) Trevor Noah
72%
(2014-present) Seth Meyers
66%
(1982-93) David Letterman
60%
(1993-09) Conan O'Brien
59%
(2005-14) Craig Ferguson
59%
(2009-14) Jimmy Fallon
58%
(1954–57) Steve Allen
38%
(1957–62) Jack Paar
35%
(1999-2004) Craig Kilborn
31%
(1996-98) Craig Kilborn
31%
(1995-99) Tom Snyder
28%
No matching quizzes found
Score Distribution
Percent of People with Each Score
Percentile by Number Answered
Your Score History
You have not taken this quiz